[Event "DSOL 08 Liga Gr-C 1st"]
[Site "Playchess.com INT"]
[Date "2020.08.03"]
[Round "7.1"]
[White "Daichendt, Dirk Michael"]
[Black "Sattouf, Ahmad Nour"]
[Result "0-1"]
[WhiteElo "1467"]
[BlackElo "1516"]
[PlyCount "50"]
[EventDate "2020.06.22"]
[EventType "team-tourn (rapid)"]
[EventCountry "GER"]
[SourceTitle "EXT 2021"]
[Source "ChessBase"]
[SourceDate "2020.10.23"]
[SourceVersion "1"]
[SourceVersionDate "2020.10.23"]
[SourceQuality "1"]
[WhiteTeam "Paderborn Blauer Springer IV"]
[BlackTeam "Breitenworbis II"]
[WhiteTeamCountry "GER"]
[BlackTeamCountry "GER"]

1. d4 c5 2. d5 Nf6 3. c4 b5 4. Nc3 b4 5. Na4 d6 6. a3 a5 7. g3 g6 8. Bg2 Bg7 9. e4 Nbd7 10. Qc2 Bb7 11. Ne2 0-0 12. 0-0 e6 13. e5 Nxe5 14. dxe6 Bxg2 15. exf7+ Rxf7 16. Kxg2 Rc8 17. axb4 cxb4 18. b3 d5 19. Bf4 Nxc4 20. bxc4 dxc4 21. Rad1 Qe8 22. Nd4 b3 23. Qb1 Qxa4 24. Ne6 c3 25. Rd4 Qc6+ 0-1